00385 2200157 4500001002100000005001500021035002000036245004300056100001800099300002600117260002800143082000800171084001400179020002200193990001200215INLIS00000000000294820250917111826 a0010-09250002951 aDua Hati Yang Terluka /cAlmaidah Swan0 aAlmaidah Swan a328 hlm ;c13 x 19 cm aJakarta :bZettu,c2014 a813 a813 ALM d a978-602-7999-74-9 a0755685